Fundamentos de Auditora̕ Aplicacin̤ prc̀tica de las Normas Internacionales de Auditora̕ /

Detalles Bibliográficos
Autor principal: Tapia Iturriaga, Carmen Karina
Formato: eBook
Lenguaje:español
Publicado: Mx̌ico DF: Instituto Mexicano de Contadores Pb︢licos, 2016
Materias:
Acceso en línea:Acceso restringido

MARC

LEADER 00000nam a22000007a 4500
005 20170529000849.0
007 cr|||| ||||
008 170529s2016 mx |||||s|||| 00||0 spa d
020 |a 978-607-8463-33-6 
035 |a 20286 
040 |a vLex 
090 |c 6713  |d 6713 
100 1 |a Tapia Iturriaga, Carmen Karina 
245 1 0 |a Fundamentos de Auditora̕  |h [Recurso electrn̤ico] :  |b Aplicacin̤ prc̀tica de las Normas Internacionales de Auditora̕ /  |c Carmen Karina Tapia Iturriaga 
256 |a Servicio en ln̕ea 
260 |a Mx̌ico DF:  |b Instituto Mexicano de Contadores Pb︢licos,  |c 2016 
300 |a 1 recurso electrn̤ico 
500 |a El props̤ito de esta obra es apoyar a estudiantes, catedrt̀icos y profesionales que se inician en el r̀ea de la auditora̕, para la comprensin̤ de las Normas Internacionales de Auditora̕ (NIA) y su aplicacin̤ prc̀tica, ya que aborda los antecedentes de la auditora̕ y la metodologa̕ que debe seguirse para ejecutar una auditora̕, con la finalidad de que el alumno se involucre con la prc̀tica profesional, desde la universidad. Su fc̀il asimilacin̤ radica en el uso de resm︢enes que transmiten la esencia de cada norma, as ̕como ejemplos sencillos que ilustran la aplicacin̤ prc̀tica de cada una de las NIA durante el proceso de realizacin̤ de una auditora̕ de estados financieros. Fundamentos de auditora̕. Aplicacin̤ prc̀tica de las Normas Internacionales de Auditora̕ utiliza palabras y conceptos contextualizados en la experiencia profesional, la cual se destaca por ser la ms̀ antigua y fortalecida en el m̀bito internacional. Su finalidad es subsanar la carencia de traducciones al espaǫl y mejorar aquellas existentes. No perdamos de vista que la obligacin̤ de aplicar estas normas nace en el momento de la emisin̤ hecha por la International Federation of Accountants (IFAC) en su lengua original. Recordemos tambiň que en el aǫ 2015 se realizaron cambios significativos a las NIA adoptadas por la profesin̤ desde 2012, donde el informe de auditora̕ fue el cambio ms̀ notorio; por esta razn̤ y con el fin de poner a su alcance una obra actualizada, se consideraron las NIA publicadas por IFAC: 260, 570, 700, 701, 705, 706, 800, 805 y 810, las cuales ya estǹ vigentes y se aplican a periodos terminados a partir del 15 de diciembre de 2016. 
506 1 |a Disponible solo en los productos indicados  |d vLex Global  |d vLex Global (Academic Edition, excluding Law Schools)  |d vLex Global (U.S. Academic Edition, Law Schools)  |d vLex Global (U.S. Academic Edition, excluding Law Schools)  |d vLex Global (Academic Edition, Law Schools) 
650 0 4 |a Derecho Mercantil y de la Empresa  |z Mx̌ico 
650 0 4 |a Contabilidad  |z Mx̌ico 
650 0 4 |a Derecho Fiscal  |z Mx̌ico 
740 0 |a vLex Libros (Servicio en ln̕ea) 
856 4 0 |u http://vlex.com/source/fundamentos-de-auditoria-aplicacion-practica-de-las-normas-internacionales-de-auditoria-20286  |z Acceso restringido 
942 |c BOOK 
999 0 |a Commercial and Company Law 
999 0 |a Accounting 
999 0 |a Tax Law